The Fulani Les Peuls.

Saved in:
Bibliographic Details
Other Authors: Arom, Simha.
Format: Audio
Language:Undetermined
Published: [France] : Auvidis, p1988.
Edition:Réedition Auvidis.
Series:Unesco collection.
Musiques et musiciens du monde.
Subjects:
Tags: Add Tag
No Tags, Be the first to tag this record!
LEADER 01866cjm a2200421 a 4500
001 005494892-4
005 20020606163548.3
008 960227s1988 fr zz efhik 0 und d
028 0 2 |a D 8006  |b Auvidis 
035 0 |a ocm34365742 
035 1 |a MAHS96R161 
035 1 |z NYUG91R62 
040 |a NNU  |c NNU  |d RPB  |d MH-Mu 
041 0 |g engfre 
245 0 4 |a The Fulani  |h [sound recording] =  |b Les Peuls. 
246 3 |a Peuls 
246 1 3 |i Additional title on container:  |a Musique of the Fulani 
246 1 3 |i Parallel title on container:  |a Musique des Peuls 
250 |a Réedition Auvidis. 
260 |a [France] :  |b Auvidis,  |c p1988. 
300 |a 1 sound disc (42 min.) :  |b digital, stereo. ;  |c 4 3/4 in. 
490 1 |a Musiques & musiciens du monde = Musics & musicians of the world 
490 1 |a Unesco collection 
500 |a Folk music from Niger and Benin. 
500 |a Previously issued as LP in 1975 in the collection "Musical Atlas." 
518 |a Field recordings by Simha Arom. 
500 |a Ethnographic, descriptive, and technical notes by Simha Arom in English and French (19 p. : ill.) in container. 
505 0 |a Music of the Djelgobe Fulani of the region of Tera (Niger). Keree di baaba tooto (2:30) -- Asaru na war e maa (2:10) -- Malleeri (2:05) -- Pakapaka (6:53) -- Araabo (2:18) -- Kompule (3:08) -- Music of the Fulani of the region of Kovande (Northern Dahomey). Flagellation song (1:45) -- Bule toko (2:41) -- Lalle (2:12) -- Ere ere (1:57) -- Pounding millet (3:36) -- Bunyon (3:06) -- Flagellation (2:38) -- Asibu (2:29). 
650 0 |a Folk music  |z Niger. 
650 0 |a Folk music  |z Benin. 
650 0 |a Music  |z Niger. 
650 0 |a Music  |z Benin. 
650 0 |a Fula (African people)  |v Music. 
700 1 |a Arom, Simha. 
830 0 |a Unesco collection. 
830 0 |a Musiques et musiciens du monde. 
988 |a 20020608 
906 |0 RLIN